Osmanlı modernleşmesinde İngiliz etkisi : (Record no. 13473)

MARC details
000 -BAŞLIK
Sabit Uzunlukta Kontrol Alanı 00808nam a2200229 4500
999 ## - SİSTEM KONTROL NUMARALARI (KOHA)
Koha Biblionumber 13473
Koha Biblioitemnumber 13473
003 - KONTROL NUMARASI IDENTIFIER
Denetim Alanı MIRAKIL
005 - SON İŞLEM TARİHİ VE ZAMANI
Denetim Alanı 20190909165319.0
008 - SABİT-BOY VERİ ELEMANLARI - GENEL BİLGİLER
Sabit Uzunlukta Kontrol Alanı 190909b tu ||||| |||| 00| 0 tur d
020 ## - ULUSLARARASI STANDART KİTAP NUMARASI
Uluslararası Standart Kitap Numarası 9786051051352
040 ## - KATALOGLAMA KAYNAK
Orijinal Kataloglama Ajansı TR-AnCHP
Metne Dönüştürmek Ajansı TR-AnCHP
041 ## - DİL KODU
Metin / Ses Parça Veya Ayrı Başlığın Dil Kodu tur
082 ## - DEWEY ONLU SINIFLANDIRMA NUMARASI
Sınıflandırma Numarası 956.10154
Ürün Numarası D75o 2014
100 ## - ANA GİRİŞ - KİŞİSEL İSİM
Kişisel Ad Dönmez, Ahmet
245 10 - BAŞLIK TABLOSU
Başlık Osmanlı modernleşmesinde İngiliz etkisi :
Başlığın Kalan diplomasi ve reform (1833-1841) /
Sorumluluk Tablosu, Vb Ahmet Dönmez.
260 ## - YAYIN, DAĞITIM, VB
Yayın, Dağıtım, Vb Yeri İstanbul:
Yayıncı, Dağıtıcı, Vs Adı Kitap yayınevi,
Yayın, Dağıtım, Vb Tarihi 2014.
300 ## - FİZİKSEL TANIM
Kapsam 352 s.:
Diğer Fiziksel Ayrıntıları fotg.,
Boyutlar 21 sm.
490 0# - SERİSİ TABLOSU
Seri Beyanı Kitap yayınevi ;
-- Tarih ve Coğrafya dizis ;
Hacim / Ardışık Tanımı 299.
-- 94.
504 ## - KAYNAKÇA VB NOT
Kaynakça Vb Notu Kaynakça ve dizin vardır.
650 #0 - KONU KATMA GİRİŞ - TOPİKAL DÖNEM
9 (RLIN) 710
Topikal Süreli Veya Coğrafi Ad Giriş Elemanı Osmanlı İmparatorluğu
Genel Alt Bölümü Dış ilişkiler
Coğrafi Alt Bölümü İngiltere
650 #0 - KONU KATMA GİRİŞ - TOPİKAL DÖNEM
9 (RLIN) 710
Topikal Süreli Veya Coğrafi Ad Giriş Elemanı Osmanlı İmparatorluğu
Genel Alt Bölümü modernleşme
Coğrafi Alt Bölümü İngiltere
942 ## - EKLENDİ GİRİŞ ELEMANLARI (KOHA)
Sınıflandırma Veya Raf Düzeni Kaynak Dewey Decimal Classification
Koha Öğesi Türü Books
Holdings
Kalıcı Konum Mevcut Konum Edinme Tarihi Toplam Check-Out'Lar Tam Çağrı Numarası Barkod Tarih Son Görülme İtibaren Geçerli Fiyatlar Koha Öğesi Türü
CHP Kütüphanesi CHP Kütüphanesi 09/09/2019   956.10154 D75o 2014 011927 09/09/2019 09/09/2019 Books